Exploring planetary climate : (Record no. 52869)

MARC details
000 -LEADER
fixed length control field 00637nam a2200205Ia 4500
005 - DATE AND TIME OF LATEST TRANSACTION
control field 20260429112212.0
008 - FIXED-LENGTH DATA ELEMENTS--GENERAL INFORMATION
fixed length control field 260429s9999||||xx |||||||||||||| ||und||
020 ## - INTERNATIONAL STANDARD BOOK NUMBER
International Standard Book Number 9781108471541
041 ## - LANGUAGE CODE
Language English
082 ## - DEWEY DECIMAL CLASSIFICATION NUMBER
Classification number 551.6
Item number LOR
100 ## - MAIN ENTRY--PERSONAL NAME
Personal name Lorenz, Ralph D.
245 #0 - TITLE STATEMENT
Title Exploring planetary climate :
Remainder of title a history of scientific discovery on earth, mars, venus and titan /
Statement of responsibility, etc Ralph D. Lorenz
260 ## - PUBLICATION, DISTRIBUTION, ETC. (IMPRINT)
Place of publication, distribution, etc New York :
Name of publisher, distributor, etc Cambridge University Press,
Date of publication, distribution, etc 2019.
300 ## - PHYSICAL DESCRIPTION
Extent xii, 320 p.; hb
650 ## - SUBJECT ADDED ENTRY--TOPICAL TERM
Topical term or geographic name as entry element Atmospheric science
650 ## - SUBJECT ADDED ENTRY--TOPICAL TERM
Topical term or geographic name as entry element Earth science
650 ## - SUBJECT ADDED ENTRY--TOPICAL TERM
Topical term or geographic name as entry element Planetary science
650 ## - SUBJECT ADDED ENTRY--TOPICAL TERM
Topical term or geographic name as entry element Planetary climate
942 ## - ADDED ENTRY ELEMENTS (KOHA)
Koha item type Text Books
Holdings
Withdrawn status Lost status Damaged status Not for loan Collection code Home library Location Shelving location Date of Cataloging Source of acquisition Total Checkouts Full call number Barcode Date last seen Price effective from Koha item type
        Non-fiction CUTN Central Library CUTN Central Library Sciences 29/04/2026 Baroda Book Corporation, Gujarat - Invoice No. IN13564 on 09-02-2026   551.6 LOR 58001 29/04/2026 29/04/2026 Text Books